<?xml version="1.0" encoding="UTF-8"?>
<record
    xmlns:xsi="http://www.w3.org/2001/XMLSchema-instance"
    xsi:schemaLocation="http://www.loc.gov/MARC21/slim http://www.loc.gov/standards/marcxml/schema/MARC21slim.xsd"
    xmlns="http://www.loc.gov/MARC21/slim">

  <leader>01474nam a2200409 c 4500</leader>
  <datafield tag="999" ind1=" " ind2=" ">
    <subfield code="c">7322</subfield>
    <subfield code="d">7322</subfield>
  </datafield>
  <controlfield tag="001">a6715999</controlfield>
  <controlfield tag="003">SpMaBN</controlfield>
  <controlfield tag="005">20210309133119.0</controlfield>
  <controlfield tag="008">201009s2019    sp a   | |||| 001 0dcat  </controlfield>
  <datafield tag="015" ind1=" " ind2=" ">
    <subfield code="a">MON2010</subfield>
  </datafield>
  <datafield tag="017" ind1=" " ind2=" ">
    <subfield code="a">B 24453-2019</subfield>
    <subfield code="b">Oficina DL Barcelona</subfield>
  </datafield>
  <datafield tag="020" ind1=" " ind2=" ">
    <subfield code="a">9788417998103</subfield>
    <subfield code="q">Viena Edicions</subfield>
  </datafield>
  <datafield tag="020" ind1=" " ind2=" ">
    <subfield code="a">9788491562559</subfield>
    <subfield code="q">Ajuntament de Barcelona</subfield>
  </datafield>
  <datafield tag="040" ind1=" " ind2=" ">
    <subfield code="a">SpMaBN</subfield>
    <subfield code="b">spa</subfield>
    <subfield code="c">SpMaBN</subfield>
    <subfield code="e">rda</subfield>
  </datafield>
  <datafield tag="080" ind1=" " ind2=" ">
    <subfield code="a">640.435(460.235.2)(091)</subfield>
  </datafield>
  <datafield tag="080" ind1=" " ind2=" ">
    <subfield code="a">008(460.235.2)"18/19"</subfield>
  </datafield>
  <datafield tag="080" ind1=" " ind2=" ">
    <subfield code="a">39(460.235.2)"18/19"</subfield>
  </datafield>
  <datafield tag="100" ind1="1" ind2=" ">
    <subfield code="a">Not&#xF3; i Brullas, Jordi</subfield>
    <subfield code="e">autor</subfield>
    <subfield code="4">aut</subfield>
  </datafield>
  <datafield tag="245" ind1="1" ind2="4">
    <subfield code="a">Els 4 Gats :</subfield>
    <subfield code="b">les set vides d'un local emblem&#xE0;tic de Barcelona</subfield>
    <subfield code="c">Jordi Not&#xF3; i Brullas ; pr&#xF2;leg de Joan Francesc Ainaud</subfield>
  </datafield>
  <datafield tag="246" ind1="3" ind2=" ">
    <subfield code="a">Els Quatre Gats</subfield>
  </datafield>
  <datafield tag="250" ind1=" " ind2=" ">
    <subfield code="a">Primera edici&#xF3;: novembre del 2019</subfield>
  </datafield>
  <datafield tag="264" ind1=" " ind2="1">
    <subfield code="a">Barcelona</subfield>
    <subfield code="b">Viena Edicions</subfield>
    <subfield code="b">Ajuntament de Barcelona,</subfield>
    <subfield code="c">[2019]</subfield>
  </datafield>
  <datafield tag="300" ind1=" " ind2=" ">
    <subfield code="a">239 p&#xE0;gines</subfield>
    <subfield code="b">il&#xB7;lustracions </subfield>
    <subfield code="c">24 cm</subfield>
  </datafield>
  <datafield tag="336" ind1=" " ind2=" ">
    <subfield code="a">Text</subfield>
    <subfield code="2">rdacontent</subfield>
  </datafield>
  <datafield tag="337" ind1=" " ind2=" ">
    <subfield code="a">sense mediaci&#xF3;</subfield>
    <subfield code="2">rdamedia</subfield>
  </datafield>
  <datafield tag="338" ind1=" " ind2=" ">
    <subfield code="a">Volum</subfield>
    <subfield code="2">rdacarrier</subfield>
  </datafield>
  <datafield tag="490" ind1="0" ind2=" ">
    <subfield code="a">Calidoscopi</subfield>
    <subfield code="v">8</subfield>
  </datafield>
  <datafield tag="504" ind1=" " ind2=" ">
    <subfield code="a">Bibliografia: p&#xE0;gines 224-227. &#xCD;ndex</subfield>
  </datafield>
  <datafield tag="610" ind1=" " ind2="0">
    <subfield code="a">Els Quatre Gats (Restaurant, Barcelona)</subfield>
    <subfield code="9">4645</subfield>
  </datafield>
  <datafield tag="651" ind1=" " ind2="7">
    <subfield code="a">Barcelona</subfield>
    <subfield code="x">Vida intel&#xB7;lectual</subfield>
    <subfield code="v">Hist&#xF2;ria</subfield>
    <subfield code="2">embne</subfield>
  </datafield>
  <datafield tag="651" ind1=" " ind2="7">
    <subfield code="a">Barcelona</subfield>
    <subfield code="x">Usos i costums</subfield>
    <subfield code="y">S.XIX</subfield>
    <subfield code="2">embne</subfield>
  </datafield>
  <datafield tag="651" ind1=" " ind2="7">
    <subfield code="a">Barcelona</subfield>
    <subfield code="x">Usos i costums</subfield>
    <subfield code="y">S.XX</subfield>
    <subfield code="2">embne</subfield>
  </datafield>
  <datafield tag="700" ind1="1" ind2=" ">
    <subfield code="a">Ainaud i Escudero, Joan-Francesc</subfield>
    <subfield code="e">prologuista</subfield>
    <subfield code="4">aui</subfield>
  </datafield>
  <datafield tag="901" ind1=" " ind2=" ">
    <subfield code="a">BC-BNE</subfield>
  </datafield>
  <datafield tag="942" ind1=" " ind2=" ">
    <subfield code="2">udc</subfield>
    <subfield code="c">MON</subfield>
  </datafield>
  <datafield tag="956" ind1=" " ind2=" ">
    <subfield code="a">2</subfield>
  </datafield>
  <datafield tag="952" ind1=" " ind2=" ">
    <subfield code="0">0</subfield>
    <subfield code="1">0</subfield>
    <subfield code="4">0</subfield>
    <subfield code="7">0</subfield>
    <subfield code="a">CDMR</subfield>
    <subfield code="b">CDMR</subfield>
    <subfield code="d">2021-03-09</subfield>
    <subfield code="l">0</subfield>
    <subfield code="p">CDMR21031256</subfield>
    <subfield code="r">2021-03-09</subfield>
    <subfield code="w">2021-03-09</subfield>
    <subfield code="y">MON</subfield>
    <subfield code="z">Espai de col&#xB7;legiats</subfield>
  </datafield>
</record>
